Fr. Conceicao Rodrigues College of Engineering

Analysis & design of information systems (Record no. 27183)

MARC details
000 -LEADER
fixed length control field 00334nam a2200157Ia 4500
082 ## - DEWEY DECIMAL CLASSIFICATION NUMBER
Classification number 658.403
Item number SEN
100 ## - MAIN ENTRY--PERSONAL NAME
Personal name Senn/ James A
250 ## - EDITION STATEMENT
Edition statement 2
245 ## - TITLE STATEMENT
Title Analysis & design of information systems
260 ## - PUBLICATION, DISTRIBUTION, ETC.
Name of publisher, distributor, etc. none
Date of publication, distribution, etc. 1989
300 ## - PHYSICAL DESCRIPTION
Extent 853
546 ## - LANGUAGE NOTE
Language note ENGLISH
654 ## - SUBJECT ADDED ENTRY--FACETED TOPICAL TERMS
Focus term information systems
942 ## - ADDED ENTRY ELEMENTS (KOHA)
Koha item type BOOK
Holdings
Withdrawn status Lost status Damaged status Not for loan Collection Home library Current library Shelving location Date acquired Total Checkouts Full call number Barcode Date last seen Price effective from Koha item type
        CRC Fr. Agnel's C.Rodrigues College of Engineering Fr. Agnel's C.Rodrigues College of Engineering   17/03/2023   658.403 SEN 9101 17/03/2023 17/03/2023 BOOK